<?xml version="1.0" encoding="UTF-8"?>
<record
    xmlns:xsi="http://www.w3.org/2001/XMLSchema-instance"
    xsi:schemaLocation="http://www.loc.gov/MARC21/slim http://www.loc.gov/standards/marcxml/schema/MARC21slim.xsd"
    xmlns="http://www.loc.gov/MARC21/slim">

  <leader>01347nam a2200289 a 4500</leader>
  <controlfield tag="001">BRCA_8773</controlfield>
  <controlfield tag="005">20190320210414.0</controlfield>
  <controlfield tag="008">310317s1775----sp-#######---#000-0#spa-#</controlfield>
  <datafield tag="041" ind1=" " ind2=" ">
    <subfield code="a">spa</subfield>
  </datafield>
  <datafield tag="044" ind1=" " ind2=" ">
    <subfield code="a">sp</subfield>
  </datafield>
  <datafield tag="084" ind1=" " ind2=" ">
    <subfield code="a">BE137</subfield>
    <subfield code="b">.F54 1775</subfield>
  </datafield>
  <datafield tag="100" ind1="1" ind2=" ">
    <subfield code="a">Flechier, Espiritu</subfield>
    <subfield code="d">1632 - 1710</subfield>
    <subfield code="9">21855</subfield>
  </datafield>
  <datafield tag="245" ind1="1" ind2="0">
    <subfield code="a">Colecci&#xF3;n de oraciones f&#xFA;nebres, pronunciadas por el Ilmo. Se&#xF1;or Espiritu Flecher, Obispo de Nimes, con un compendio de la vida del autor</subfield>
    <subfield code="c">traducidas al castellano por Don Juan de Arribas y Soria, Profesor de Theolog&#xED;a en la Universidad de Alcal&#xE1;, y Opositor &#xE0; la Cathedra de Lengua Griega en los Reales Estudios de San Isidro.</subfield>
  </datafield>
  <datafield tag="250" ind1=" " ind2=" ">
    <subfield code="a">2a ed.</subfield>
  </datafield>
  <datafield tag="260" ind1=" " ind2=" ">
    <subfield code="a">Madrid</subfield>
    <subfield code="b">En la Oficina de Antonio Fern&#xE1;ndez</subfield>
    <subfield code="c">1775</subfield>
  </datafield>
  <datafield tag="300" ind1=" " ind2=" ">
    <subfield code="a">[2], XXII, 249 p. (t.4)</subfield>
    <subfield code="c">21 x 14.7 cm.</subfield>
  </datafield>
  <datafield tag="500" ind1=" " ind2=" ">
    <subfield code="a">Con privilegio</subfield>
  </datafield>
  <datafield tag="500" ind1=" " ind2=" ">
    <subfield code="a">En portada: Se hallar&#xE1; en Casa de Manuel de Godos, Mercader de libros, en las Gradas de San Felipe el Real</subfield>
  </datafield>
  <datafield tag="500" ind1=" " ind2=" ">
    <subfield code="a">Estado f&#xED;sico: presenta encuadernaci&#xF3;n en pergamino</subfield>
  </datafield>
  <datafield tag="650" ind1="1" ind2="4">
    <subfield code="a">Sermones f&#xFA;nebres</subfield>
    <subfield code="9">21856</subfield>
  </datafield>
  <datafield tag="650" ind1="1" ind2="4">
    <subfield code="a">Sermones franceses</subfield>
    <subfield code="x">Traducciones al espa&#xF1;ol</subfield>
    <subfield code="y">Obras anteriores a 1800</subfield>
    <subfield code="9">21857</subfield>
  </datafield>
  <datafield tag="700" ind1="1" ind2=" ">
    <subfield code="a">Arribas y Soria, Juan de</subfield>
    <subfield code="e">tr.</subfield>
    <subfield code="9">21858</subfield>
  </datafield>
  <datafield tag="700" ind1="1" ind2=" ">
    <subfield code="a">Godos, Manuel de</subfield>
    <subfield code="e">mercader de libros</subfield>
    <subfield code="9">21859</subfield>
  </datafield>
  <datafield tag="700" ind1="1" ind2=" ">
    <subfield code="a">Fern&#xE1;ndez, Antonio</subfield>
    <subfield code="e">Impresor</subfield>
    <subfield code="9">21860</subfield>
  </datafield>
  <datafield tag="902" ind1=" " ind2=" ">
    <subfield code="a">CFM</subfield>
  </datafield>
  <datafield tag="942" ind1=" " ind2=" ">
    <subfield code="2">lcc</subfield>
    <subfield code="c">B</subfield>
  </datafield>
  <datafield tag="999" ind1=" " ind2=" ">
    <subfield code="c">8424</subfield>
    <subfield code="d">8424</subfield>
  </datafield>
  <datafield tag="952" ind1=" " ind2=" ">
    <subfield code="0">0</subfield>
    <subfield code="1">0</subfield>
    <subfield code="4">0</subfield>
    <subfield code="7">0</subfield>
    <subfield code="a">BRCA</subfield>
    <subfield code="b">BRCA</subfield>
    <subfield code="d">2017-03-31</subfield>
    <subfield code="l">0</subfield>
    <subfield code="o">BE137 .F54 1775</subfield>
    <subfield code="p">CFM00099</subfield>
    <subfield code="r">2019-03-22 00:00:00</subfield>
    <subfield code="w">2019-03-22</subfield>
    <subfield code="y">B</subfield>
  </datafield>
</record>
